Normal view
MARC view
- Vlack, Lawrence H. Van
Entry Personal Name
001 - CONTROL NUMBER
- control field: 61643
003 - CONTROL NUMBER IDENTIFIER
- control field: NUST
005 - DATE AND TIME OF LATEST TRANSACTION
- control field: 20210628202805.0
008 - FIXED-LENGTH DATA ELEMENTS
- fixed length control field: 210628|| aca||aabn | a|a d
040 ## - CATALOGING SOURCE
- Original cataloging agency: NUST
- Transcribing agency: NUST
100 ## - HEADING--PERSONAL NAME
- Personal name: Vlack, Lawrence H. Van
670 ## - SOURCE DATA FOUND
- Source citation: Work cat.: (NUST): Vlack, Lawrence H. Van, Elements of materials science and engineering, 2013
